| 000 | 01060nam a22003257a 4500 | ||
|---|---|---|---|
| 003 | CHAP | ||
| 005 | 20220329140029.0 | ||
| 008 | 971013s1984 r 00010 d | ||
| 010 | _a45908 | ||
| 011 | _a46880 | ||
| 035 | _a51021 | ||
| 040 | _cCHAP | ||
| 082 |
_a320.9 _bR4Y |
||
| 100 | 0 | 0 |
_aReszler, André. _996183 |
| 245 | _aMitos políticos modernos | ||
| 260 |
_aMéxico, D. F. : _bFondo de Cultura Económica, _c1984 |
||
| 300 | _a313 p. | ||
| 490 |
_aColección popular _v; 248 |
||
| 590 |
_aBATCH-UPD _b10 _c20130110 _lUCH01 _h1115 |
||
| 590 |
_aBATCH-UPD _b10 _c20130410 _lUCH01 _h0705 |
||
| 590 |
_aBATCH-UPD _b10 _c20130914 _lUCH01 _h0937 |
||
| 590 |
_aCONVERSION _b10 _c20130109 _lUCH01 _h1325 |
||
| 650 | 1 | 4 |
_aCiencias políticas _xHistoria. _923210 |
| 650 | 1 | 4 |
_aMitos. _976250 |
| 830 | 0 |
_aColección popular _v; 248 _924953 |
|
| 901 | _aBK | ||
| 942 | _cLIBRO | ||
| 949 |
_a320.9 R4Y _bBC _cLIBRO _d33724000308623 _eLIBRO _fc.2 _gI. c/e _h64709 _i51021 _si _t67.00 |
||
| 949 |
_a320.9 R4Y _bBC _cLIBRO _d33724000310454 _eLIBRO _gI. c/e _h64708 _i51021 _si _t67.00 |
||
| 999 |
_c45908 _d45908 |
||